Bojnice

Zobrazenie: V bielom orámovaní pohľady na zámok z rôznych uhlov, jeden pohľad na srnku, jeden pohľad na diviaka a jeden pohľad na mestkú bránu

Bibliographic Details
Format: Photo
Language:Slovak
PhysicalDescription:1 pohľadnica (11 čiastkových pohľadov) čiernobiela 9 x 14 cm
Published: [Slovensko?] [vydavateľ neznámy] [medzi 1946 a 1973?]
Subjects:

MARC

LEADER 00000nkm a2200000 a 4500
001 vtls011929628
003 SK-MaSNL
005 20260301121840.0
007 kf bo
008 231120q1946 xo g kuslo
015 |a SNBG 
035 |a urn:nbn:sk:snk-km00e9j9 
035 |a urn:nbn:sk:snk-km43hmy 
035 |a 69B1DE55-0E27-4624-91FD-4B5EE2C8B71A 
040 |a SNK  |b slo  |c SNK  |e AACR2 
041 0 |a slo 
043 |a e-xo--- 
044 |a xo  |c SK 
072 7 |a 913  |x Regionálna geografia  |2 konspekt 
080 |a 913(437.6)  |2 2011 
080 |a 904:72  |2 2011 
080 |a 728.82  |2 2011 
080 |a 728.81  |2 2011 
080 |a 904(084.121)  |2 2011 
080 |a 725.961  |2 2011 
080 |a 712.5  |2 2011 
245 0 0 |a Bojnice  |h grafika 
260 |a [Slovensko?]  |b [vydavateľ neznámy]  |c [medzi 1946 a 1973?] 
300 |a 1 pohľadnica (11 čiastkových pohľadov)  |b čiernobiela  |c 9 x 14 cm 
500 |a Na adresnej časti uvedené: "Gevaey" 
520 8 |a Zobrazenie: V bielom orámovaní pohľady na zámok z rôznych uhlov, jeden pohľad na srnku, jeden pohľad na diviaka a jeden pohľad na mestkú bránu 
610 2 7 |a Bojnický zámok  |2 SNKKA  |9 32519 
650 0 7 |a zámky  |2 SNKPH  |9 3041 
650 0 7 |a hrady  |2 SNKPH  |9 3039 
650 0 7 |a národné kultúrne pamiatky  |2 SNKPH  |9 31192 
650 0 7 |a záhradné jazierka  |2 SNKPH  |9 67820 
650 0 7 |a mestské brány  |2 SNKPH  |9 87189 
651 7 |a Bojnice (Slovensko)  |2 SNKPHgeo  |9 30288 
655 7 |a miestne pohľadnice  |2 SNKPH  |9 70510 
655 7 |a pohľadnice kultúrnych pamiatok  |2 SNKPH  |9 70523 
852 |a Slovenská národná knižnica 
954 |a pohľadnice pôvodné (slovenské)  |2 lita 
958 |a OND 
958 |a GBN 
958 |a GC 
958 |a EUIPO 
999 |c 730813  |d 732743 
952 |a SNK  |b SNK  |y PREZ  |7 0  |p 17A1224347  |o snkSP 9642  |0 0  |1 0  |4 0  |d 2020-04-18  |f 1  |l 0  |r 2026-02-23 22:28:09  |w 2026-02-23